Bee Gees songs sudden death - Statistics

General Stats
  • This quiz has been taken 12 times
  • The average score is 10 of 16
Answers on the Grid
Answers color-coded by a green-red scale on the quiz's grid according to % correct below.
Killer Queen
Stayin' Alive
Massachusetts
Imagine
Lady Writer
Mr. Natural
One Of These Nights
Night Fever
Too Much Heaven
Leave Me Alone
Pamela
Jive Talkin'
You Win Again
I've Gotta Get A Message To You
Careless Whisper
More Than A Woman
Rivers Of Babylon
Nights On Broadway
Tragedy
Lonely Tears In Chinatown
The Woman in you
Run To Me
Hold The Line
The Sign
Lay All Your Love On Me
You Should Be Dancing
Love So Right
Here Comes The Sun
You Give Love A Bad Name
To Love Somebody
 
Answer Stats
Answer % Correct
Stayin' Alive
100%
Jive Talkin'
83%
Night Fever
83%
Tragedy
83%
Massachusetts
75%
More Than A Woman
75%
Nights On Broadway
75%
Too Much Heaven
75%
You Should Be Dancing
75%
To Love Somebody
58%
I've Gotta Get A Message To You
50%
You Win Again
42%
Run To Me
33%
The Woman in you
33%
Love So Right
25%
Mr. Natural
17%
No matching quizzes found
Score Distribution
Percent of People with Each Score
Percentile by Number Answered
Your Score History
You have not taken this quiz